Statistics for NBA Team Logo Quiz

Click here to take the quiz!

General Stats

  • This quiz has been taken 171 times
  • The average score is 25 of 30

Answer Stats

Answer% Correct
Boston Celtics
97%
Chicago Bulls
97%
Charlotte Hornets
94%
Los Angeles Lakers
92%
Brooklyn Nets
91%
Golden State Warriors
91%
Atlanta Hawks
89%
Miami Heat
89%
Cleveland Cavaliers
87%
Milwaukee Bucks
85%
Denver Nuggets
83%
Houston Rockets
83%
Memphis Grizzlies
83%
Minnesota Timberwolves
83%
Indiana Pacers
81%
Philadelphia 76ers
81%
Phoenix Suns
81%
Dallas Mavericks
80%
New Orleans Pelicans
80%
Utah Jazz
80%
Detroit Pistons
78%
Sacramemto Kings
78%
Los Angeles Clippers
77%
Orlando Magic
77%
Toronto Raptors
77%
San Antonio Spurs
76%
New York Knicks
73%
Portland Trailblazers
73%
Oklahoma City Thunder
70%
Washington Wizards
68%

Score Distribution

Percentile by Number Answered

Percent of People with Each Score

Your Score History

You have not taken this quiz